ბათუმის შოთა რუსთაველის სახელმწიფო უნივერსიტეტის ბიბლიოთეკა

ECC essentials : (ბიბ.ჩანაწერი № 57913)

000 -LEADER
fixed length control field 01430cam a2200253 i 4500
001 - CONTROL NUMBER
control field 18174969
005 - DATE AND TIME OF LATEST TRANSACTION
control field 20210331145455.0
008 - FIXED-LENGTH DATA ELEMENTS--GENERAL INFORMATION
fixed length control field 140603s2014 nyua b 001 0 eng
020 ## - INTERNATIONAL STANDARD BOOK NUMBER
International Standard Book Number 9780891284987 (pbk. : alk. paper)
041 ## - LANGUAGE CODE
Language code of text/sound track or separate title eng
080 ## - UNIVERSAL DECIMAL CLASSIFICATION NUMBER
Universal Decimal Classification number 376.32 E-18
245 00 - TITLE STATEMENT
Title ECC essentials :
Remainder of title teaching the expanded core curriculum to students with visual impairments /
Statement of responsibility, etc. Carol B. Allman and Sandra Lewis, Editors ; Susan J. Spungin, Consulting Editor.
264 #0 - PRODUCTION, PUBLICATION, DISTRIBUTION, MANUFACTURE, AND COPYRIGHT NOTICE
Place of production, publication, distribution, manufacture New York, NY :
Name of producer, publisher, distributor, manufacturer AFB Press,
Date of production, publication, distribution, manufacture, or copyright notice 2014.
300 ## - PHYSICAL DESCRIPTION
Extent 638 pages :
Other physical details illustrations ;
Dimensions 28 cm.
650 #0 - SUBJECT ADDED ENTRY--TOPICAL TERM
Topical term or geographic name entry element Children with visual disabilities
General subdivision Education
-- Curricula
Geographic subdivision United States.
9 (RLIN) 10921
650 #0 - SUBJECT ADDED ENTRY--TOPICAL TERM
Topical term or geographic name entry element Teachers of the blind
Geographic subdivision United States
Form subdivision Handbooks, manuals, etc.
9 (RLIN) 10922
653 ## - INDEX TERM--UNCONTROLLED
keyword გაფართოებული ძირითადი სასწავლო გეგმის სწავლება ვიზუალური გაუფასურების მქონე სტუდენტებისთვის
653 ## - INDEX TERM--UNCONTROLLED
keyword უსინათლოთა მასწავლებლები
653 ## - INDEX TERM--UNCONTROLLED
keyword პედაგოგიკა
700 1# - ADDED ENTRY--PERSONAL NAME
Personal name Allman, Carol B.
Relator term რედაქტორი
9 (RLIN) 10923
700 1# - ADDED ENTRY--PERSONAL NAME
Personal name Spungin, Susan J.
Relator term რედაქტორი
9 (RLIN) 10924
942 ## - ADDED ENTRY ELEMENTS (KOHA)
Source of classification or shelving scheme
Koha item type წიგნი
ეგზემპლარები
Withdrawn status Lost status Source of classification or shelving scheme Damaged status Not for loan Permanent Location Current Location Shelving location Date acquired Cost, normal purchase price Full call number Barcode Date last seen Copy number Price effective from Koha item type Public note
          ბათუმის შოთა რუსთაველის სახელმწიფო უნივერსიტეტის მთავარი ბიბლიოთეკა ბათუმის შოთა რუსთაველის სახელმწიფო უნივერსიტეტის მთავარი ბიბლიოთეკა წიგნსაცავი 2021-03-31 257.00 376.32 E-18 61289 2021-03-31 61289 2021-03-31 წიგნი 257 ლ.